| 000 | 00680nam a2200133Ia 4500 | ||
|---|---|---|---|
| 008 | 100328s9999 xx 000 0 und d | ||
| 082 | _b12016 | ||
| 100 | _aसहस्त्रबुदे पु.ग. | ||
| 245 | _aकेसरीची त्रिमूर्ति (चिपळूणकर,आगरकर आणि टिळक) | ||
| 260 | _bकेसरी मुद्रणालय | ||
| 630 | _aकेसरीची त्रिमूर्ति (चिपळूणकर,आगरकर आणि टिळक) | ||
| 730 | _aकेसरीची त्रिमूर्ति (चिपळूणकर,आगरकर आणि टिळक) | ||
| 942 | _cBOOK | ||
| 999 |
_c507312 _d507309 |
||